[Event "AUTO-OPEN-1790"]
[Site "http://www.queenalice.com/game.php?id=694889"]
[Date "2009.12.8"]
[Round "1"]
[White "QueenSarah"]
[Black "saoud1954"]
[Result "1-0"]
[WhiteElo "1244"]
[BlackElo "1274"]

1. e4 c5 2. Bc4 e5 3. Qf3 Qf6 4. Ne2 Qxf3 5. gxf3 Nc6 6. Ng3 g6 7. Na3 a6 8. h4
h5 9. c3 Nf6 10. b3 b5 11. Bf1 Be7 12. b4 cxb4 13. cxb4 Bxb4 14. Nc2 Bc5 15. a4
b4 16. Rb1 O-O 17. d3 a5 18. Na1 Nd4 19. Bg2 Ba6 20. Kd2 Rfc8 21. Kd1 Bxd3 22.
Rb2 Rab8 23. Rd2 Ba6 24. Nc2 b3 25. Nxd4 Bxd4 26. Bb2 Bxb2 27. Rxb2 Kg7 28. Bf1
Bxf1 29. Rxf1 d5 30. exd5 Nxd5 31. Ne4 1-0

[Event "I never give up part 2! rsrs "]
[Site "http://www.queenalice.com/game.php?id=694987"]
[Date "2009.12.9"]
[Round "-"]
[White "QueenSarah"]
[Black "TD"]
[Result "0-1"]
[WhiteElo "1226"]
[BlackElo "1662"]

1. e4 e5 2. c4 Nf6 3. d4 d6 4. d5 Nxe4 5. Qf3 Ng5 6. Qe3 Be7 7. h4 c6 8. b4 cxd5
9. cxd5 Na6 10. a3 Nc7 11. Nc3 a5 12. b5 b6 13. Bb2 Bb7 14. hxg5 Bxg5 15. f4
Bxf4 16. Qf3 Qg5 17. a4 Bd2+ 18. Ke2 Bxc3 19. Bxc3 Bxd5 20. Qf2 Qg4+ 21. Kd2
Qg5+ 22. Kc2 Be4+ 23. Kb2 Nd5 24. Bd2 Qf5 25. Qxf5 Bxf5 26. Bc4 Nf4 27. g3 Nd3+
28. Kc3 O-O 29. Bd5 Rac8+ 30. Kb3 Rc5 31. Bf3 e4 32. Bg2 Be6+ 33. Ka3 e3 34. Be1
Rfc8 35. Ne2 Rc2 36. Bf3 Rb2 37. Bc3 Rc2 38. Bd4 R8c4 39. Ra2 Rxa2+ 40. Kxa2
Rxd4+ 41. Kb1 Rxa4 42. Kc2 Nb4+ 43. Kc3 Ra3+ 44. Kd4 Rd3+ 45. Ke4 f5+ 46. Kf4 h6
47. Bh5 g5+ 48. Kf3 Bd5# 0-1

[Event "AUTO-OPEN-1791"]
[Site "http://www.queenalice.com/game.php?id=695149"]
[Date "2009.12.9"]
[Round "1"]
[White "razoman"]
[Black "QueenSarah"]
[Result "1-0"]
[WhiteElo "1795"]
[BlackElo "1283"]

1. e4 e5 2. Nf3 d6 3. h3 g5 4. Nh2 c5 5. Bc4 Nh6 6. d3 Nc6 7. c3 a5 8. O-O a4 9.
Bb5 Bd7 10. Bxa4 Qb8 11. Bxg5 Ng8 12. Bb3 Nh6 13. Bxh6 Bxh6 14. Qh5 Bf8 15.
Qxf7+ Kd8 16. Nd2 Qa7 17. Nc4 Kc7 18. Ng4 Be7 19. Nge3 1-0

[Event "AUTO-OPEN-1791"]
[Site "http://www.queenalice.com/game.php?id=695150"]
[Date "2009.12.9"]
[Round "1"]
[White "QueenSarah"]
[Black "razoman"]
[Result "0-1"]
[WhiteElo "1281"]
[BlackElo "1797"]

1. e4 c5 2. Bc4 e6 3. e5 a6 4. Nf3 b5 5. Bd3 Bb7 6. Qe2 Nc6 7. c4 Nd4 8. Nxd4
cxd4 9. cxb5 axb5 10. Bxb5 Bc5 11. f3 Ne7 12. h4 Nf5 13. Rh3 O-O 14. a4 Bc6 15.
Bxc6 dxc6 16. d3 Ne3 0-1

[Event "AUTO-INT-1542"]
[Site "http://www.queenalice.com/game.php?id=695199"]
[Date "2009.12.9"]
[Round "1"]
[White "reginaldox"]
[Black "QueenSarah"]
[Result "1-0"]
[WhiteElo "1700"]
[BlackElo "1282"]

1. b4 b5 2. Bb2 f6 3. e4 a6 4. d4 d6 5. c4 bxc4 6. Bxc4 Nh6 7. Nf3 Nc6 8. a3 a5
9. O-O axb4 10. d5 Na5 11. Bb5+ Kf7 12. axb4 c6 13. dxc6 Rb8 14. Rxa5 Qb6 15.
Qc2 e5 16. Bc4+ Ke7 17. Ba3 Qxc6 18. Ra7+ Kd8 19. Rd1 g5 20. Qd3 g4 21. Nh4 f5
22. exf5 e4 23. Qc3 Rg8 24. Qf6+ 1-0

[Event "AUTO-INT-1542"]
[Site "http://www.queenalice.com/game.php?id=695200"]
[Date "2009.12.9"]
[Round "1"]
[White "QueenSarah"]
[Black "reginaldox"]
[Result "0-1"]
[WhiteElo "1280"]
[BlackElo "1702"]

1. e4 c5 2. c4 d6 3. Be2 Nc6 4. Nc3 Nf6 5. h3 a6 6. Nf3 e5 7. a4 Be7 8. h4 h6 9.
Nh2 Bd7 10. g4 Nd4 11. Bd3 Qc7 12. Bb1 O-O-O 13. g5 hxg5 14. O-O gxh4 15. Nd5
Qc6 16. Nxe7+ Kc7 17. b3 Qb6 18. Nf5 Bxf5 19. exf5 g6 20. fxg6 fxg6 21. Bxg6
Rdg8 22. Re1 Rxg6+ 23. Kh1 Qc6+ 24. f3 h3 0-1

[Event "AUTO-INT-1542"]
[Site "http://www.queenalice.com/game.php?id=695219"]
[Date "2009.12.9"]
[Round "1"]
[White "QueenSarah"]
[Black "jpfaro"]
[Result "0-1"]
[WhiteElo "1289"]
[BlackElo "1769"]

1. e4 c6 2. Bc4 e6 3. e5 Qb6 4. Nh3 d5 5. Bd3 f6 6. exf6 Nxf6 7. f3 e5 8. b3 e4
9. fxe4 Qd4 10. Nc3 g5 11. Rb1 g4 12. Nf4 Bc5 13. Nce2 Qf2# 0-1

[Event "AUTO-INT-1542"]
[Site "http://www.queenalice.com/game.php?id=695220"]
[Date "2009.12.9"]
[Round "1"]
[White "jpfaro"]
[Black "QueenSarah"]
[Result "1-0"]
[WhiteElo "1773"]
[BlackElo "1285"]

1. e3 e5 2. Qf3 f6 3. Bd3 c6 4. b3 h6 5. Bg6+ Ke7 6. Nc3 Na6 7. Ne4 Nb4 8. Kd1
d5 9. Ba3 a5 10. c3 Kd7 11. Rc1 dxe4 12. Qxe4 Ne7 13. Bh5 Na6 14. b4 1-0

[Event "MY KICK 2 X 0 others"]
[Site "http://www.queenalice.com/game.php?id=696157"]
[Date "2009.12.11"]
[Round "-"]
[White "QueenSarah"]
[Black "AnDante"]
[Result "1-0"]
[WhiteElo "1266"]
[BlackElo "1263"]

1. e4 e5 2. Nf3 f6 3. Nc3 c6 4. Nh4 d6 5. a4 g5 6. Nf3 Bg4 7. h3 Bxf3 8. gxf3
Nd7 9. a5 b5 10. b4 Kf7 11. h4 h5 12. Bh3 Nb8 13. hxg5 fxg5 14. d3 a6 15. Bb2 d5
16. Qe2 1-0

[Event "Challenge"]
[Site "http://www.queenalice.com/game.php?id=710608"]
[Date "2010.1.8"]
[Round "-"]
[White "QueenSarah"]
[Black "Mr_SPOCK"]
[Result "0-1"]
[WhiteElo "1291"]
[BlackElo "1563"]

1. e4 e5 2. g4 d5 3. Bb5+ c6 4. Ba4 b5 5. Bb3 Nf6 6. f3 dxe4 7. g5 exf3 8. Qxf3
Bg4 9. Qg3 Bc5 10. gxf6 Qxf6 11. h3 Bh5 12. Nc3 O-O 13. Ne4 Qf5 14. Nxc5 e4 15.
d4 exd3 16. Nxd3 Re8+ 17. Kd2 Nd7 18. Nf4 Nc5 19. Rh2 Ne4+ 20. Ke3 Nxg3+ 21. Kf2
Ne4+ 22. Kf1 Ng3+ 0-1

[Event "here we go again rsrsr!"]
[Site "http://www.queenalice.com/game.php?id=710943"]
[Date "2010.1.9"]
[Round "-"]
[White "QueenSarah"]
[Black "TD"]
[Result "0-1"]
[WhiteElo "1266"]
[BlackElo "1794"]

1. e4 e5 2. f3 d5 3. exd5 Qxd5 4. c4 Qd8 5. d3 f6 6. Qa4+ Bd7 7. Qb3 b6 8. c5
Bxc5 9. Ne2 Nc6 10. a3 Na5 11. Qc3 Be6 12. b4 Nb3 13. bxc5 Nxa1 14. Qxa1 Qxd3
15. Nec3 Qd4 16. Qb2 Qxc5 17. h3 Ne7 18. Nd2 Qe3+ 19. Kd1 O-O-O 20. a4 Nf5 21.
Bb5 Qf2 22. Kc2 Qxg2 23. Rf1 Nh4 24. Kb1 Bf5+ 25. Ka1 Qxh3 26. Bc4 g5 27. Nd5
Rxd5 28. Bxd5 Rd8 29. Qb5 Rxd5 30. Qxd5 Ng2 31. Rf2 Qh1 32. Kb2 Nf4 0-1

[Event "Challenge"]
[Site "http://www.queenalice.com/game.php?id=718278"]
[Date "2010.1.22"]
[Round "-"]
[White "babycrocket"]
[Black "QueenSarah"]
[Result "1-0"]
[WhiteElo "1656"]
[BlackElo "1270"]

1. e4 e5 2. Nf3 f6 3. d3 g5 4. h4 g4 5. Ng1 Bb4+ 6. c3 Ba5 7. Qxg4 d6 8. Qg7 Nd7
9. Qxh8 Qe7 10. Qxg8+ Qf8 11. Qxf8+ Kxf8 12. Ne2 b5 13. g3 Nc5 14. Kd2 b4 15.
Bg2 bxc3+ 16. bxc3 Ba6 17. d4 exd4 18. Nxd4 Nd3 19. Nb3 Bb6 20. f4 c5 21. e5 Rd8
22. exf6 d5 23. Kc2 Re8 24. Bxd5 h6 25. c4 Nb4+ 26. Kc3 h5 27. Na3 Nxd5+ 28.
cxd5 1-0